| 000 | 00351nam a2200145Ia 4500 | ||
|---|---|---|---|
| 008 | 200103s9999||||xx |||||||||||||| ||und|| | ||
| 020 | _a002946501X | ||
| 040 | _aIMU-MPC | ||
| 082 | _aColumn-17 | ||
| 100 | _aTaha, Hamdy A. | ||
| 245 | 0 | _aOperations Research an Introduction | |
| 260 |
_bMacmillan, London _c1992 |
||
| 300 | _axix, 822 | ||
| 942 | _cBK | ||
| 999 |
_c6112 _d6112 |
||